The independent video producer : establishing a profitable video business
Αποθηκεύτηκε σε:
| Κύριος συγγραφέας: | |
|---|---|
| Μορφή: | Βιβλίο |
| Γλώσσα: | English |
| Δημοσίευση: |
Boston :
Focal Press,
1999
|
| Θέματα: | |
| Ετικέτες: |
Προσθήκη ετικέτας
Δεν υπάρχουν, Καταχωρήστε ετικέτα πρώτοι!
|
MARC
| LEADER | 00000nam a2200000 i 4500 | ||
|---|---|---|---|
| 001 | 1/76587 | ||
| 008 | 050519s1999 eng d | ||
| 020 | |a 0-240-80339-6 | ||
| 035 | |l 10078026 | ||
| 040 | |a GR-MY-UA |b gre |e aacr | ||
| 041 | 0 | |a eng | |
| 082 | 0 | |a 791.450232 |2 (22) | |
| 100 | 1 | |a Jacobs, Robert M. | |
| 245 | 1 | 4 | |a The independent video producer : |b establishing a profitable video business / |c Bob Jacobs |
| 260 | |a Boston : |b Focal Press, |c 1999 | ||
| 300 | |a xvii, 224 σ.; |b εικ.; |c 26 εκ. | ||
| 504 | |a Περιέχει βιβλιογραφικές παραπομπές | ||
| 650 | 0 | 0 | |a Video recordings |x Production and direction. |
| 852 | |a INST |b LESVOS |e 20050519 |h 791.450232 JAC |p 005100027687 |q 005100027687 |t BK |y 0 | ||
| 901 | |a BIBL1-2005-2 | ||
| 909 | |a Λ |b 113435 | ||
| 920 | |a ΔΙΕΥΡΥΝΣΗ |b ΕΠΕΑΕΚ-ΠΤΕ |y ΛΕΣΒΟΣ |z 2004-09 | ||
| 970 | |a ΜΑΡΙΝΑΤΟΥ |b ΜΥΡΣΙΝΗ |z 2005/05/19 | ||